000 02195nam a22002417a 4500
005 20230608101538.0
008 230608b ||||| |||| 00| 0 eng d
020 _a9781584888109
040 _cAL
041 _aEnglish
082 _223
_a574.0285
_bQINB
100 _aShui Qing Ye
_9122255
245 _aBioinformatics: A Practical Approach
260 _aLondon
_bChapman and Hall/CRC
_c2007
300 _a618 p.
_bPB
_c24x15 cm.
440 _aMathematical and Computational Biology Series
_9122256
520 _aAn emerging, ever-evolving branch of science, bioinformatics has paved the way for the explosive growth in the distribution of biological information to a variety of biological databases, including the National Center for Biotechnology Information. For growth to continue in this field, biologists must obtain basic computer skills while computer specialists must possess a fundamental understanding of biological problems. Bridging the gap between biology and computer science, Bioinformatics: A Practical Approach assimilates current bioinformatics knowledge and tools relevant to the omics age into one cohesive, concise, and self-contained volume. Written by expert contributors from around the world, this practical book presents the most state-of-the-art bioinformatics applications. The first part focuses on genome analysis, common DNA analysis tools, phylogenetics analysis, and SNP and haplotype analysis. After chapters on microarray, SAGE, regulation of gene expression, miRNA, and siRNA, the book presents widely applied programs and tools in proteome analysis, protein sequences, protein functions, and functional annotation of proteins in murine models. The last part introduces the programming languages used in biology, website and database design, and the interchange of data between Microsoft Excel and Access. Keeping complex mathematical deductions and jargon to a minimum, this accessible book offers both the theoretical underpinnings and practical applications of bioinformatics.
650 _aDNA
_9122257
650 _aPhylogenetic Analysis
_9122258
650 _aGene Expression
_9122259
700 _aQING YE (Shui)
_9122260
942 _2ddc
_cDB
999 _c227448
_d227448